| 000 | 00878nam a22002057a 4500 | ||
|---|---|---|---|
| 003 | OSt | ||
| 005 | 20250827115145.0 | ||
| 008 | 240312b ||||| |||| 00| 0 eng d | ||
| 040 | _c0 | ||
| 082 | _aDPer 621.317 Ie21 July 2022 v. 37 n. 7 | ||
| 100 |
_aDelette, Gerard. _eauthor. _954302 |
||
| 245 |
_aThermal management design of transformers for dual active bridge power converters / _cGerard Delette, Ulrich Soupremanien, and Serge Loudot. |
||
| 260 |
_aNew York ; _bThe Institute of Electrical and Electronics Engineers, Inc. , _cJuly 2022. |
||
| 300 |
_avolume 37, pages 8301-8309 : _billustration ; _c28 cm. |
||
| 500 | _aIEEE Transactions on Power Electronics, vol. 37, no. 7, pages 8301-8309, July 2022. | ||
| 700 |
_aDelette, Gerard. _eauthor. _954302 |
||
| 700 |
_aSoupremanien, Ulrich. _eauthor. _954303 |
||
| 700 |
_aLoudot, Serge. _eauthor. _954304 |
||
| 942 |
_2ddc _cPER |
||
| 999 |
_c19590 _d19590 |
||